Public finance international quarterly journal

Guardado en:
Detalles Bibliográficos
Formato: Seriadas
Lenguaje:inglés
Publicado: Hague Public Finance 1981
Etiquetas: Agregar Etiqueta
Sin Etiquetas, Sea el primero en etiquetar este registro!

MARC

LEADER 00000nas2a2200000 4500
001 s123607
005 20250730114221.9
041 0 |a eng 
044 |a NL 
245 1 0 |a Public finance  |b international quarterly journal 
264 1 |a Hague  |b Public Finance  |c 1981 
300 |a 1 zv. 
773 0 |w eu_un_cat*s121084